Environmental challenges associated with needed increases in global nitrogen fixation (Record no. 58656)

MARC details
000 -LEADER
fixed length control field 00600nam a2200217Ia 4500
100 ## - MAIN ENTRY--AUTHOR NAME
Personal name Mosier Arvin R
245 #0 - TITLE STATEMENT
Title Environmental challenges associated with needed increases in global nitrogen fixation
260 ## - PUBLICATION, DISTRIBUTION, ETC. (IMPRINT)
Name of publisher Nutrient Cycling in Agroecosystems
Year of publication 2002
300 ## - PHYSICAL DESCRIPTION
Number of Pages 101-116
650 ## - SUBJECT ADDED ENTRY--TOPICAL TERM
Topical Term Air pollution
650 ## - SUBJECT ADDED ENTRY--TOPICAL TERM
Topical Term Ammonia
650 ## - SUBJECT ADDED ENTRY--TOPICAL TERM
Topical Term Biological N fixation
650 ## - SUBJECT ADDED ENTRY--TOPICAL TERM
Topical Term Crop production
650 ## - SUBJECT ADDED ENTRY--TOPICAL TERM
Topical Term Fuel combustion
650 ## - SUBJECT ADDED ENTRY--TOPICAL TERM
Topical Term N-fertilizer
650 ## - SUBJECT ADDED ENTRY--TOPICAL TERM
Topical Term Nitrate
650 ## - SUBJECT ADDED ENTRY--TOPICAL TERM
Topical Term Nitrous oxide
650 ## - SUBJECT ADDED ENTRY--TOPICAL TERM
Topical Term NOx
942 ## - ADDED ENTRY ELEMENTS (KOHA)
Koha item type Journals
Holdings
Withdrawn status Lost status Damaged status Not for loan Home library Current library Shelving location Date acquired Serial Enumeration / chronology Koha item type
      Journals RRII Library RRII Library Soils and agonomy 01/01/2021 Volume 63, Issue 03-Feb Journals